00577nam a22001457a 4500003000400000005001700004008004100021040001400062100002800076245012900104260000900233300002900242500012900271504003100400OSt20171010095536.0121030t xxu||||| |||| 00| 0 eng d aMMSUcULS aGalamgam, Grachelle B.  aSurvival and growth performance of Jathropa curcas L. as affected by diameter and length of cuttingscGrachelle B. Galamgam  c2008 axiv, 68 leaves c28 cm.  aThesis (BS Forestry) -- Mariano Marcos State University-College of Agriculture, Food and Sustainable Development, Batac City aBibliography: leaves 48-49